Açıklamalı Türkçe-İngilizce İngilizce-Türkçe tarım hukuku sözlüğü (Record no. 2032)

MARC details
000 -BAŞLIK
Sabit Uzunlukta Kontrol Alanı 00989na a2200289 4500
001 - KONTROL NUMARASI
Denetim Alanı 14482
003 - KONTROL NUMARASI IDENTIFIER
Denetim Alanı MIRAKIL
005 - SON İŞLEM TARİHİ VE ZAMANI
Denetim Alanı 20181213154843.0
008 - SABİT-BOY VERİ ELEMANLARI - GENEL BİLGİLER
Sabit Uzunlukta Kontrol Alanı 160829b tu 000 0
020 ## - ULUSLARARASI STANDART KİTAP NUMARASI
Uluslararası Standart Kitap Numarası 9789753638647
035 ## - SİSTEM KONTROL NUMARASI
Sistem Kontrol Numarası 14482
040 ## - KATALOGLAMA KAYNAK
Orijinal Kataloglama Ajansı Milas
Kataloglama Dili tur
Metne Dönüştürmek Ajansı TR-AnCHP
082 ## - DEWEY ONLU SINIFLANDIRMA NUMARASI
Sınıflandırma Numarası DAN 340.03
Ürün Numarası G91t 2010
090 ## - SINIFLAMA NUMARASI
Sınıflama Numarası DAN 340.03 G91t 2010
100 ## - ANA GİRİŞ - KİŞİSEL İSİM
Kişisel Ad Güçlü, Yaşar
240 ## - ÜNİFORM BAŞLIK
Üniforma Başlık <a href="Tarım hukuku sözlüğü">Tarım hukuku sözlüğü</a>
245 ## - BAŞLIK TABLOSU
Başlık Açıklamalı Türkçe-İngilizce İngilizce-Türkçe tarım hukuku sözlüğü
Başlığın Kalan = Turkish-English English-Turkish agricultural law dictionary
Sorumluluk Tablosu, Vb Yaşar Güçlü, Serkan Yıkarbaba
246 ## - UNVAN FORM VARYING
Başlık Doğru / Kısa Başlığı Agricultural law dictionary
246 ## - UNVAN FORM VARYING
Başlık Doğru / Kısa Başlığı Tarım hukuku sözlüğü
260 ## - YAYIN, DAĞITIM, VB
Yayın, Dağıtım, Vb Yeri Ankara
Yayıncı, Dağıtıcı, Vs Adı Ankara Barosu Yayınları
Yayın, Dağıtım, Vb Tarihi 2010
Üretici Firma Cumhuriyet Matbaası
300 ## - FİZİKSEL TANIM
Kapsam 399 s.
Boyutlar 21 sm.
650 ## - KONU KATMA GİRİŞ - TOPİKAL DÖNEM
Topikal Süreli Veya Coğrafi Ad Giriş Elemanı Hukuk
Genel Alt Bölümü Sözlükler
650 ## - KONU KATMA GİRİŞ - TOPİKAL DÖNEM
Topikal Süreli Veya Coğrafi Ad Giriş Elemanı Tarım hukuku ve mevzuatı
Genel Alt Bölümü Sözlükler
650 ## - KONU KATMA GİRİŞ - TOPİKAL DÖNEM
Topikal Süreli Veya Coğrafi Ad Giriş Elemanı Tarım
Genel Alt Bölümü Sözlükler
700 ## - KATMA GİRİŞ - KİŞİSEL İSİM
Kişisel Ad Yıkarbaba, Serkan
942 ## - EKLENDİ GİRİŞ ELEMANLARI (KOHA)
Sınıflandırma Veya Raf Düzeni Kaynak Dewey Decimal Classification
Koha Öğesi Türü Books
999 ## - SİSTEM KONTROL NUMARALARI (KOHA)
Koha Biblionumber 2032
Koha Biblioitemnumber 2032
Holdings
Kalıcı Konum Mevcut Konum Edinme Tarihi Edinim Kaynak Toplam Check-Out'Lar Tam Çağrı Numarası Barkod Tarih Son Görülme İtibaren Geçerli Fiyatlar Koha Öğesi Türü
CHP Kütüphanesi CHP Kütüphanesi 08/29/2016 Bağış   DAN 340.03 G91t 2010 002475 08/29/2016 08/29/2016 Books